00557nam 22001693 4500001000700000100004100007200010100048210004100149215003900190225002200229606001500251675001700266700003700283702003900320801001800359830001000377202070 a20260508d u||y0pory50 ba aZapata, terra e liberdadefEnrique Ruiz Garciagtradução de Maria da Graça Morais Sarmento aLisboacIniciativas Editoriaisd1976 a163, [5] p.cil. ; brochadod21 cm aReal-Imaginário aBiografias a929vPTzpor aGarciabEnrique Ruiz f1924-2015 aSarmentobMaria da Graça Morais  aPTbBMMNgRPC cVanda